Geometría plana y del espacio
Αποθηκεύτηκε σε:
| Κύριος συγγραφέας: | |
|---|---|
| Άλλοι συγγραφείς: | |
| Μορφή: | Βιβλίο |
| Γλώσσα: | Spanish |
| Έκδοση: |
Boston, Massachussetts : Ginn,
1915.
|
| Σειρά: | Serie matematica Wentworth y Smith
|
| Θέματα: | |
| Ετικέτες: |
Προσθήκη ετικέτας
Δεν υπάρχουν, Καταχωρήστε ετικέτα πρώτοι!
|
MARC
| LEADER | 00000nam a2200000Ia 4500 | ||
|---|---|---|---|
| 003 | 03338 | ||
| 005 | 20221231144000.0 | ||
| 008 | 140114s1915 maua 000 ||spa d | ||
| 040 | |c cru CEDI | ||
| 082 | |a 515 W478g | ||
| 100 | |a Wentworth, George Albert, 1835-1906 |9 21726 | ||
| 245 | |a Geometría plana y del espacio | ||
| 260 | |a Boston, Massachussetts : Ginn, |c 1915. | ||
| 300 | |a 469 páginas : ilustraciones | ||
| 440 | |a Serie matematica Wentworth y Smith |9 21728 | ||
| 650 | |x GEOMETRIA PLANA |x GEOMETRIA DEL ESPACIO |9 20710 | ||
| 700 | |9 21727 |a Smith, David Eugenio, 1860-1944 | ||
| 942 | |2 ddc | ||
| 999 | |c 15155 |d 15155 | ||
